Caricamento...

സംഘപരിവാർ /

Dettagli Bibliografici
Autore principale: ഇന്ദു മേനോൻ
Altri autori: Indu Menon
Natura: Printed Book
Pubblicazione: Kottayam: D.C.Books, 2005.
Soggetti:
LEADER 00521cam a2200157ua 4500
020 |a 81-264-1032-9 
082 |a M894.812 3  |b IND/S 
100 0 |a ഇന്ദു മേനോൻ  
245 0 0 |a സംഘപരിവാർ /  
260 |a Kottayam:  |b D.C.Books,  |c 2005. 
300 |a 88p.. 
650 0 |a Sangh parivar   |a Malayalam- stories 
700 |a Indu Menon 
942 |c BK 
999 |c 15591  |d 15591 
952 |0 0  |1 0  |4 0  |6 M_894_812000000000000_3_IND  |7 0  |9 16257  |a KUCL  |b KUCL  |d 2014-05-23  |l 0  |o M894.812 3 IND/  |p 15432  |r 2014-05-23  |w 2014-05-23  |y BK